Statistics for NCAA Tournament 2021 Quiz

Click here to take the quiz!

General Stats

  • This quiz has been taken 246 times
  • The average score is 19 of 24

Answer Stats

HintAnswer% Correct
Who was the National Champion?Baylor Bears
99%
Who was the runner-up?Gonzaga Bulldogs
99%
How many made it to the Sweet Sixteen?1
97%
How many teams east of the Mississippi River made it to the Elite Eight?1
97%
What were the other two Final Four Teams?UCLA Bruins
96%
What conference had the most teams with 10?Big Ten
92%
Who was the 15-seed that made it to the Sweet Sixteen, knocking off powerhouses like Ohio State, and Florida?Oral Roberts Golden Eagles
90%
Houston Cougars
88%
What was the most successful conference this year? (Hint: It had 5 teams and 3 made it to the Elite Eight.)Pac-12
86%
Where was the Final Four held?Indianapolis
82%
What was the highest seed that made it to the Elite Eight?12
78%
Duke Blue Devils
76%
What was the name of the 101 former nun who loves chearing for Loyola Chicago?Sister Jean
75%
North Carolina Tarheels
74%
Who was the star sensation on Syracuse, who happens to be coach Jim Boeheim's son?Buddy Boeheim
71%
What four powerhouses did not make it to the Sweet Sixteen?Kentucky Wildcats
69%
Which team was that?Michigan
69%
Kansas Jayhawks
68%
What was the second biggest upset of the tournament, knocking off number 3-seeded Texas in the First Round?Abilene Christian Wildcats
62%
When did Boeheim start coaching Syracuse?1976
60%
What was Gonzaga's record?31-1
60%
Who is projected to go 1st in the 2021 NBA Draft from Oklahoma State?Cade Cunningham
60%
Who was it?Oregon State Beavers
60%
Who was the only other 15-seed to do so?Florida Gulf Coast University
54%

Score Distribution

Percentile by Number Answered

Percent of People with Each Score

Your Score History

You have not taken this quiz